|
|
|
|
| LEADER |
00000cam a2200000 4500 |
| 001 |
vtls012267683 |
| 003 |
SK-MaSNL |
| 005 |
20260301032853.0 |
| 008 |
241129s2024 xo ab frn 001 0 slo |
| 015 |
|
|
|a SNBA2025/4
|
| 020 |
|
|
|a 9788055533476
|q (brožované)
|
| 040 |
|
|
|a SNK
|b slo
|c SNK
|e rda
|
| 041 |
0 |
|
|a slo
|b eng
|b slo
|
| 044 |
|
|
|a xo
|c SK
|
| 072 |
|
7 |
|a 364-1/-7
|x Druhy sociálnej pomoci a služieb
|2 konspekt
|
| 080 |
|
|
|a 364-787
|2 2011
|
| 080 |
|
|
|a 364-7
|2 2011
|
| 080 |
|
|
|a (048.8)
|2 2011
|
| 080 |
|
|
|a 364-78
|2 2011
|
| 100 |
1 |
|
|a Momot, Anastazij,
|d 1986-
|4 aut
|9 256065
|
| 245 |
1 |
0 |
|a Štandardy v terénnej sociálnej práci optikou kvality sociálnych služieb
|c Anastazij Momot
|
| 250 |
|
|
|a Vydanie prvé
|
| 264 |
|
1 |
|a Prešov
|b Pravoslávna bohoslovecká fakulta, Prešovská univerzita v Prešove
|c 2024
|
| 300 |
|
|
|a 85 strán
|b mapy, tabuľky
|c 21 cm
|
| 336 |
|
|
|a text
|b txt
|2 rdacontent
|
| 337 |
|
|
|a bez média
|b n
|2 rdamedia
|
| 338 |
|
|
|a zväzok
|b nc
|2 rdacarrier
|
| 366 |
|
|
|e 150 kusov
|
| 500 |
|
|
|a Obsahuje profesijné údaje o autorovi
|
| 500 |
|
|
|a Obsahuje poznámky pod čiarou
|
| 504 |
|
|
|a Obsahuje bibliografiu na strane 69-78, bibliografické odkazy a register
|
| 546 |
|
|
|a Anglické a slovenské resumé
|
| 650 |
0 |
7 |
|a terénna sociálna práca
|2 SNKPH
|9 87358
|
| 650 |
0 |
7 |
|a sociálne služby
|2 SNKPH
|9 3721
|
| 650 |
0 |
7 |
|a sociálna práca
|2 SNKPH
|9 1550
|
| 650 |
0 |
7 |
|a Social work
|2 SNKPHeng
|9 268197
|
| 650 |
0 |
7 |
|a Field social work
|2 SNKPHeng
|9 327994
|
| 650 |
0 |
7 |
|a Social service
|2 SNKPHeng
|9 267835
|
| 655 |
|
7 |
|a monografie
|2 SNKPH
|9 70139
|
| 655 |
|
7 |
|a Monographs
|2 SNKPHeng
|9 120675
|
| 700 |
1 |
|
|a Duda, Małgorzata,
|d 1961-
|4 rev
|9 224820
|
| 700 |
1 |
|
|a Barkasi, Daniela
|4 rev
|9 330951
|
| 710 |
2 |
|
|a Prešovská univerzita v Prešove.
|b Pravoslávna bohoslovecká fakulta
|4 pbl
|9 132832
|
| 752 |
|
|
|a Slovensko
|d Prešov
|
| 852 |
|
|
|a Slovenská národná knižnica
|
| 919 |
|
|
|a 978-80-555-3347-6
|
| 954 |
|
|
|a odborná, vedecká literatúra pôvodná (slovenská)
|2 lita
|
| 954 |
|
|
|a odborná, vedecká literatúra cudzojazyčná (svetová)
|2 lita
|
| 958 |
|
|
|a NB
|
| 999 |
|
|
|c 579122
|d 581052
|
| 952 |
|
|
|a SNK
|b SNK
|y PREZ
|7 0
|p 17A1573700
|o snkSC 210169
|i snk2025/7104
|8 0
|0 0
|1 0
|4 0
|d 2025-04-28
|l 0
|r 2025-11-03 00:00:00
|w 2026-02-23
|